000 00702nam a2200217Ia 4500
003 CO-CtgCURN
005 20250409210212.0
008 190723s9999 xx 000 0 und d
020 _a9586900975
040 _aCO-CtgCURN
_bspa
_ccoctgcurn
082 _a347.06
_bU72d
100 _aUrazan Bautista, Juan Carlos
245 0 _aDerecho probatorio civil /
_cJuan Carlos Urazan Bautista
260 _aBogotá, Colombia :
_bLeyer,
_c1997
300 _a162 páginas ;
_c13 centímetros
521 _aAREA PROFESIONAL
590 _aPrograma de Derecho_18
650 _aDerecho probatorio
942 _cBK
_h347.06
_iU72d
999 _c29734
_d29734